000 00707nam a2200265Ia 4500
005 20260121170053.0
008 008 260114s9999 xx 000 0 eng d
020 _a9783319153230
037 _aEBOOK
040 _aCRL
040 _beng
040 _cCRL
041 _2eng
041 _aeng
084 _qCRL
100 _aMahmoud Abdulwahed, Mazen O. Hasna, Jeffrey E. Froyd
_91059445
245 0 _aAdvances in Engineering Education in the Middle East and North Africa
260 _bSpringer
260 _bSpringer
260 _c2016
856 _uhttps://link.springer.com/openurl?genre=book&isbn=978-3-319-15323-0
942 _cEBOOK
999 _c1625174
_d1625174